000 00730nam a2200241 a 4500
008
020 _a9780262731737 (pbk.)
049 _aMAIN
090 _aHN49.I56
_bWAR
100 1 _aWarschauer, Mark
245 1 0 _aTechnology and social inclusion :
_brethinking the digital divide /
_cMark Warschauer.
260 _aLondon :
_bThe MIT Press,
_c2003.
300 _axii, 260p. :
_bill. ;
_c22 cm.
500 _aIncludes bibliographical references.
500 _aIncludes index.
650 _aMarginality, social.
650 1 _aDigital divide.
907 _a.b1032396x
_b06-12-12
_c06-12-12
003
005 20230123125508.0
040 _cNUST
942 _cBOOKS
_kHN49.I56
_mWAR
999 _c142525
_d142525